A late beginner, (Запис № 517304)

МАРК-запис
000 -LEADER
fixed length control field 01598cam a2200385I 4500
001 - CONTROL NUMBER
control field latebeginner00napi
003 - CONTROL NUMBER IDENTIFIER
control field CaSfIA
005 - DATE AND TIME OF LATEST TRANSACTION
control field 20210118163222.0
007 - PHYSICAL DESCRIPTION FIXED FIELD--GENERAL INFORMATION
fixed length control field cr||||
008 - FIXED-LENGTH DATA ELEMENTS--GENERAL INFORMATION
fixed length control field 000801s1966 enk 000 0 eng
010 ## - LIBRARY OF CONGRESS CONTROL NUMBER
LC control number 66002559
040 ## - CATALOGING SOURCE
Original cataloging agency DLC
Transcribing agency GZM
Modifying agency OCLCG
-- SHS
-- UBC
-- CaSfIA
035 ## - SYSTEM CONTROL NUMBER
System control number (OCoLC)44694843
050 #4 - LIBRARY OF CONGRESS CALL NUMBER
Classification number CT788.N29
Item number A3
082 04 - DEWEY DECIMAL CLASSIFICATION NUMBER
Classification number 301.43140924
029 1# - (OCLC)
OCLC library identifier NZ1
System control number 4162748
029 1# - (OCLC)
OCLC library identifier AU@
System control number 000006672217
029 1# - (OCLC)
OCLC library identifier UNITY
System control number 049184776
029 1# - (OCLC)
OCLC library identifier UKHRW
System control number B6603945
029 1# - (OCLC)
OCLC library identifier UKHSF
System control number B6603945
029 1# - (OCLC)
OCLC library identifier UKFCC
System control number b6603945
029 1# - (OCLC)
OCLC library identifier UKTAL
System control number b6603945
029 1# - (OCLC)
OCLC library identifier HAF
System control number b6603945
100 1# - MAIN ENTRY--PERSONAL NAME
Personal name Napier, Priscilla Hayter,
Dates associated with a name 1908-
245 12 - TITLE STATEMENT
Title A late beginner,
Medium [electronic resource]
Statement of responsibility, etc [by] Priscilla Napier.
260 ## - PUBLICATION, DISTRIBUTION, ETC. (IMPRINT)
Place of publication, distribution, etc London,
Name of publisher, distributor, etc Joseph
Date of publication, distribution, etc 1966.
300 ## - PHYSICAL DESCRIPTION
Extent 261 p.
Other physical details front., 8 plates (incl. ports.)
Dimensions 23 cm.
506 ## - RESTRICTIONS ON ACCESS NOTE
Standardized terminology for access restriction Необхідна авторизація на https://archive.org/ (створення облікового запису безкоштовно)
506 ## - RESTRICTIONS ON ACCESS NOTE
Standardized terminology for access restriction Необхідна авторизація на https://openlibrary.org/ (створення облікового запису безкоштовно)
600 10 - SUBJECT ADDED ENTRY--PERSONAL NAME
Personal name Napier, Priscilla Hayter,
Dates associated with a name 1908-
776 08 - ADDITIONAL PHYSICAL FORM ENTRY
Display text Online version:
Main entry heading Napier, Priscilla Hayter, 1908-
Title Late beginner.
Place, publisher, and date of publication London, Joseph 1966
Record control number (OCoLC)645312759
856 41 - ELECTRONIC LOCATION AND ACCESS
Uniform Resource Identifier <a href="http://www.archive.org/details/latebeginner00napi">http://www.archive.org/details/latebeginner00napi</a>
Public note Free eBook from the Internet Archive
856 42 - ELECTRONIC LOCATION AND ACCESS
Uniform Resource Identifier <a href="http://www.openlibrary.org/books/OL24394564M">http://www.openlibrary.org/books/OL24394564M</a>
Public note Additional information and access via Open Library
942 ## - ADDED ENTRY ELEMENTS (KOHA)
Koha item type ЕКнига

Немає доступних примірників.